[Event "45th Olympiad 2024"]
[Site "Budapest HUN"]
[Date "2024.09.22"]
[Round "11.58"]
[Board "3"]
[White "Ang, Ern Jie Anderson"]
[Black "Corbin, Philip"]
[Result "1-0"]
[WhiteElo "2132"]
[BlackElo "1916"]
[PlyCount "55"]
[EventDate "2024.09.11"]
[WhiteTeam "Malaysia"]
[BlackTeam "Barbados"]
[WhiteTeamCountry "MAS"]
[BlackTeamCountry "BAR"]

1. Nf3 f5 2. d3 d5 3. g3 Nf6 4. Bg2 e6 5. O-O Bd6 6. c4 O-O 7. Nc3 c6 8. e4 Nbd7 ({RR} 8... Bb4 9. e5 Ng4 10. h3 Nh6 11. Bxh6 gxh6 12. Ne2 Bd7 13. Nf4 Qe8 14. Qb3 Na6 15. d4 dxc4 16. Qxc4 Ba5 17. a3 Nc7 18. b4 Bb6 19. Ne1 Rd8 20. Ned3 Bc8 21. Nc5 Nd5 22. Bxd5 cxd5 23. Qe2 {1-0 Nogueiras Santiago,J (2528)-Mahia,G (2377) Internet Section 18-B blitz 2003 (3)}) 9. Re1 ({RR} 9. cxd5 exd5 10. exf5 Nc5 11. Nd4 Be5 12. Be3 Qd6 13. Ndb5 cxb5 14. d4 Bxd4 15. Qxd4 Nce4 16. Nxe4 {1-0 Colas,J (2232)-Glashausser,S (1973) Titled Tue 16th Jan Early 2024 (1)}) 9... Ne5 $146 ({RR} 9... dxe4 10. dxe4 Ne5 11. exf5 Nxf3+ 12. Qxf3 exf5 13. Be3 Ng4 14. Rad1 Nxe3 15. Qxe3 Qf6 16. Qd4 Qxd4 17. Rxd4 Bc5 18. Rd2 f4 19. a3 fxg3 20. hxg3 a5 21. Na4 Ba7 22. Re7 Rb8 23. c5 Kh8 24. f3 {1-0 Al Huwar,J (2318)-Ali,O (2124) Arab-ch Dubai 2005 (9)}) ({RR} 9... dxe4 10. dxe4 Ne5 11. exf5 Nxf3+ 12. Qxf3 exf5 13. Bf4 Bxf4 14. Qxf4 Qb6 15. Re2 Bd7 16. Rd1 Rae8 17. Rxe8 Rxe8 18. b3 Qa5 19. Qd2 Qe5 20. Bf3 f4 21. gxf4 Qf5 22. Ne2 Qg6+ 23. Ng3 Bh3 24. Bg2 {1-0 Petersen,T (2323)-Sorensen,T (2190) DEN-ch cand Helsingor 2012 (1)}) ({RR} 9... dxe4 10. dxe4 Ne5 11. Qc2 Qc7 12. b3 Bd7 13. Bb2 f4 14. Nd4 {½-½ Kruzhilin,A (1957)-Palin,D (2145) Saratov Regional-ch 2013 (4)}) 10. Nxe5 Bxe5 11. d4 Bc7 12. exd5 exd5 13. cxd5 f4 14. dxc6 bxc6 15. Bf3 h5 16. b3 Ng4 17. Bxc6 fxg3 18. fxg3 Qf6 19. Bd5+ Kh8 20. Ne4 Qg6 21. Ba3 Nxh2 22. Kxh2 Rf2+ 23. Kg1 Bxg3 24. Nxf2 Bh3 25. Be4 Bxf2+ 26. Kxf2 Qf6+ 27. Kg3 Bg4 28. Qxg4 1-0

[Event "45th Olympiad 2024"]
[Site "Budapest HUN"]
[Date "2024.09.22"]
[Round "11.58"]
[Board "4"]
[White "Edwards, Emar"]
[Black "Kavin Mohan"]
[Result "0-1"]
[WhiteElo "1898"]
[BlackElo "1997"]
[PlyCount "74"]
[EventDate "2024.09.11"]
[WhiteTeam "Barbados"]
[BlackTeam "Malaysia"]
[WhiteTeamCountry "BAR"]
[BlackTeamCountry "MAS"]

1. e4 e6 2. d4 d5 3. Nd2 c5 4. exd5 Qxd5 5. Ngf3 cxd4 6. Bc4 Qd6 7. O-O Nf6 8. Nb3 Nc6 9. Nbxd4 Nxd4 10. Nxd4 Be7 11. c3 O-O 12. Qf3 Qc7 13. Bb3 a5 14. a4 Bd7 15. Re1 Bc6 16. Nxc6 bxc6 17. Bc2 Nd5 18. h4 ({RR} 18. Qe4 g6 19. g3 Rfe8 20. h4 Bf8 21. Qc4 Rab8 22. h5 Qd6 23. Kg2 Bg7 24. hxg6 hxg6 25. Rh1 e5 26. Ra3 Qe6 27. Qh4 Nf6 28. Rd1 e4 29. Re1 Qf5 30. Qf4 Qh5 31. Rh1 Qe2 32. Bd1 Qc4 {½-½ Sarakauskas,G (2343)-Stremavicius,P (2370) ch-LTU 2024 Vilnius LTU (1.1)}) 18... Rad8 $146 ({RR} 18... Rab8 19. h5 Qb6 20. Re4 c5 21. Qe2 Rfd8 22. g4 h6 23. Rb1 Rd7 24. f4 c4+ 25. Kh1 Qb7 26. Qg2 Nf6 27. Rxc4 Nxg4 28. Qxb7 Rdxb7 29. f5 exf5 30. Bxf5 Nf6 31. Bf4 Re8 32. b4 Nxh5 33. Bh2 {1-0 Nitish,B (2303)-Makhija,A (2083) Bangkok Cha Am op 18th 2018 (5)}) 19. h5 h6 20. Be3 Rfe8 21. Bd4 Qf4 22. Qh3 Bf6 23. Rad1 Bxd4 24. Rxd4 Qg5 25. Qd3 Nf4 26. Qh7+ Kf8 27. Be4 c5 28. Rdd1 Ke7 29. Bc6 f5 30. Rxd8 Rxd8 31. Bf3 Rd3 32. Bc6 Rd2 33. Qg8 Rd8 34. Qh7 Nxh5 35. f4 Qg3 36. Rf1 Nf6 37. Rf3 Rd1+ 0-1

[Event "45th Olympiad 2024"]
[Site "Budapest HUN"]
[Date "2024.09.22"]
[Round "11.59"]
[Board "1"]
[White "Ndahangwapo, Heskiel"]
[Black "Ortega Amarelle, Mariano"]
[Result "1/2-1/2"]
[WhiteElo "2011"]
[BlackElo "2453"]
[PlyCount "78"]
[EventDate "2024.09.11"]
[WhiteTeam "Namibia"]
[BlackTeam "Cape Verde"]
[WhiteTeamCountry "NAM"]

1. e4 {Konikowski,Jerzy} c5 2. Nf3 d6 3. d4 cxd4 4. Nxd4 Nf6 5. Nc3 a6 6. Rg1 b5 7. g4 Bb7 8. Bg2 e6 ({RR} 8... b4 9. Nd5 e6 10. Nxf6+ Qxf6 ({RR} 10... gxf6 11. Be3 Nd7 12. f3 h5 13. h3 hxg4 14. hxg4 Ne5 15. Bf1 Qc7 16. Qd2 d5 17. O-O-O O-O-O 18. exd5 Rxd5 19. Qf2 Rh2 20. Rg2 Rxg2 21. Bxg2 Bd6 22. Qe2 Nc4 23. Bf2 Bf4+ 24. Kb1 a5 25. Nb3) 11. Be3 e5 12. Nf5 g6 13. Ng3 Qe6 14. h4 Nc6 15. a3 a5 16. h5 Bg7 17. Bf1 O-O 18. Nf5 Rfd8 ({RR} 18... gxf5 19. gxf5 Qe7 20. h6) 19. Nxg7 Kxg7 20. Rh1 d5) ({RR} 8... e5 9. Nf5 b4 10. Nd5 Nxd5 11. exd5 Nd7 12. Be3 Qa5 ({RR} 12... g6 13. Ng3 Bg7 14. Qd2 a5 15. Be4 Nb6 16. b3 Qc7 17. Rd1 Nd7 18. h4 Nf6 19. f3 Rc8 20. h5 Kd7 21. g5 Nxe4 22. Nxe4 Rhg8 23. Rg2 Qd8 24. h6 Bh8 25. Qe2 Ke7 26. Qb5 Qd7 27. Qxa5) 13. Qd2 Nf6 14. a3 g6 15. Bg5 Nxg4 16. Ne3 Nxe3 17. Bxe3 Rc8 18. Rc1 f5 19. Qxb4 Qxb4+ 20. axb4 Bg7 21. c4 e4 22. b3 Ba8 23. Bd2) ({RR} 8... Qc7 9. Be3 e6 10. a3 Nc6 11. g5 Nd7 12. f4 Nb6 13. Nxc6 Bxc6 14. Qd4 Nc4 15. O-O-O O-O-O 16. Bf2 Rg8 17. f5 Kb8 18. h4 Be7 19. Bh1 Qb7 20. h5 exf5 21. exf5 Bxh1 22. Rxh1 Bxg5+ 23. Kb1) ({RR} 8... h6 9. h4 e5 10. Nf5 g6 11. Ne3 Be7 12. g5 ({RR} 12. h5) 12... hxg5 13. hxg5 Nh7 14. Rh1 Bxg5 15. Ncd5 Nd7 16. Qg4 Bf6 17. Bd2 Bg7 18. O-O-O Nhf6 19. Rxh8+ Bxh8 20. Qh3 Bg7 21. Bb4 Nc5 22. Bxc5 Nxd5 23. Nxd5) ({RR} 8... Nfd7 9. Be3 e6 10. f4 Be7 11. g5 Nb6 12. b3 N8d7 13. Qd2 b4 14. Nce2 Nc5 15. Ng3 d5 16. e5 g6 17. h4 Qc7 18. Rc1 Ne4 19. Nxe4 dxe4 20. c4 Nd7 21. Nc2 Nc5 22. Bxc5 Bxc5 23. Rh1 {0-1 Adams,M (2716)-Topalov,V (2700) Frankfurt-West Masters rapid 1999 (8)}) 9. g5 ({RR} 9. a3 Qc7 ({RR} 9... Nfd7) 10. f4 Nc6 11. Nxc6 Bxc6 12. Qe2 Be7 13. Be3 Qb7 14. Bd4 b4 15. axb4 Qxb4 16. e5 Qxd4 17. Bxc6+ Nd7 18. Rg3 Rd8 19. Qe3 dxe5 20. Rd1 Qxe3+ 21. Rxe3 Bh4+ 22. Ke2 Ke7 23. Bxd7 Rxd7) ({RR} 9. Qe2 Nfd7 10. Be3 ({RR} 10. a3) 10... b4 11. Nb1 e5 12. Nb3 ({RR} 12. Nf5 g6 13. Ng3 Nc6 14. Nd2) 12... a5 13. c4 ({RR} 13. N3d2 Be7 14. Nc4 O-O 15. Nbd2 Nc6) 13... Be7 14. N1d2 O-O 15. Rd1 Nc6 16. Qf3 a4 17. Nc1 Nc5 18. Nf1 Qa5 19. b3 axb3 20. axb3 Nd4 21. Bxd4 exd4 22. Ng3 Bg5 23. Nd3 Nxb3) 9... Nfd7 10. Be3 ({RR} 10. a3 Be7 ({RR} 10... g6 11. f4 e5 12. Nde2 Nb6 13. fxe5 dxe5 14. Qxd8+ Kxd8 15. Be3 N8d7 16. O-O-O Ke8 17. Bh3 h6 18. Bxd7+ Nxd7 19. Nd5 Rc8 20. h4 hxg5 21. hxg5 Rh2 22. Rd2 Rh3 23. Rg3 Rh4 24. Nec3 Bc5 25. Bxc5) ({RR} 10... Nc6 11. Be3 Nce5 12. Qe2 Rc8 13. Bd2 Nc4 14. O-O-O g6 15. f4 Bg7 16. Qf2 Nxd2 17. Qxd2 Nb6 18. Bh3 Nc4 19. Qf2 Nxa3 20. f5 b4 21. fxe6 Rc7 22. Rdf1 Rf8 23. Nd5 Bxd5 24. exd5 fxe6 25. Qe3) 11. Bh1 Nc6 12. Nxc6 Bxc6 13. h4 O-O 14. b3 f5 15. Bb2 Rc8 16. Qd4 e5 17. Qd2 fxe4 18. Bxe4 Bxe4 19. Nxe4 Nb6 20. O-O-O d5 21. Qe2 d4 22. Kb1 Nd5 23. c3 Nf4 24. Qf3 d3) 10... Nb6 ({RR} 10... Ne5 11. f4 Nc4 12. Bc1 ({RR} 12. Bf2 Nxb2 13. Qb1 Nc4 14. a4 Qa5 15. Qb3 Nd7 16. Rb1 Nc5 17. Qb4 Qxb4 18. Rxb4 d5 19. exd5 Nd3+ 20. cxd3 Bxb4) 12... Be7 13. b3 Nb6 14. Bb2 b4 ({RR} 14... Nc6 15. Nxc6 Bxc6 16. Qd4) 15. Nce2 a5) ({RR} 10... Qc7 11. f4 Nb6 12. Qe2 N8d7 13. Bf3 Be7 14. Rg2 Nc4 15. Bc1 O-O-O 16. Nd1 Ndb6 17. b3 Na5 18. Bb2 Rhg8 19. Ne3 d5 20. e5 Nc6 21. O-O-O Kb8 22. Kb1 Rc8 23. h4 Nd7 24. Qd3 g6 25. Ng4) ({RR} 10... Nc6 11. f4 Rc8 12. Nce2 Qc7 13. Nxc6 Bxc6 14. Qd2 Nc5 15. Ng3 Be7 16. O-O-O O-O 17. f5 Qb7 18. f6 gxf6 19. gxf6 Bxf6 20. Nh5 Be7 21. Bxc5 {1-0 Fecker,N (2389)-Novosel,L (2373) Mitropa Cup 2024 (1.12)}) 11. e5 $146 ({RR} 11. a3 N8d7 12. h4 Rc8 13. Qg4 Rxc3 14. bxc3 Qc7 15. Bd2 d5 16. exd5 Bxd5 17. Bxd5 Nxd5 18. a4 Ne5 19. Qh3 b4 20. Nxe6 Qe7 21. Nxf8 Nf3+ 22. Kd1 Nxg1 23. Qd3 bxc3 24. Rb1 Qd8 25. Nd7 Qxd7 {0-1 Balinov,I (2453)-Kalod,R (2483) Mitropa Cup 20st 2000 (6)}) ({RR} 11. h4 b4 12. Nce2 N8d7 13. b3 d5 14. exd5 Nxd5 15. Bxd5 Bxd5 16. Nf4 Nc5 17. Nxd5 Qxd5 18. Qf3 Ne4 19. O-O-O Nc3 20. Nxe6 fxe6 21. Rxd5 Nxd5 22. Bd4 {1-0 Tirard,H (2434)-Stephan,J (2267) FRA-chT1B 0809 2008 (4.2)}) ({RR} 11. b3 N8d7 12. Qd2 Rc8 13. h4 Qc7 14. Nce2 b4 15. h5 g6 16. O-O-O d5 17. Ng3 Nc5 18. Rge1 dxe4 19. Kb1 Nd5 20. Rc1 Nc3+ 21. Kb2 Qa5 22. a4 N5xa4+ 23. bxa4 Nxa4+ 24. Kb1 Nc3+ {0-1 Ghazarian,K (2181)-Nurmanova,A (2026) Titled Tuesday intern op 4th Aug 10am blitz 2020 (2)}) 11... d5 12. Qg4 Bc8 13. O-O-O Be7 14. h4 Nc4 15. Kb1 b4 16. Ne4 Nxe5 17. Qg3 Nc4 18. h5 Nxe3 19. fxe3 Qb6 20. Nf2 Qd6 21. Qg4 Nc6 22. Nxc6 Qxc6 23. Qd4 Bb7 24. Qxg7 O-O-O 25. Qxf7 Bxg5 26. Bh3 Bxe3 27. Rge1 d4 28. Bxe6+ Kb8 29. Nd3 Rhf8 30. Ne5 Qc5 31. Nd7+ Rxd7 32. Qxd7 Rf2 33. Bb3 h6 34. Qe8+ Ka7 35. Rf1 Qf5 36. Rg1 Qf3 37. a4 bxa3 38. bxa3 Rh2 39. Rdf1 Qxh5 1/2-1/2

[Event "45th Olympiad 2024"]
[Site "Budapest HUN"]
[Date "2024.09.22"]
[Round "11.59"]
[Board "2"]
[White "Alho, Diogo"]
[Black "Eichab, Charles"]
[Result "1-0"]
[WhiteElo "2192"]
[BlackElo "2013"]
[PlyCount "81"]
[EventDate "2024.09.11"]
[WhiteTeam "Cape Verde"]
[BlackTeam "Namibia"]
[BlackTeamCountry "NAM"]

1. d4 Nf6 2. c4 e6 3. Nc3 Bb4 4. Qc2 O-O 5. Nf3 d5 6. a3 Bxc3+ 7. Qxc3 dxc4 8. Qxc4 b6 9. g3 Bb7 10. Bg2 Nbd7 11. O-O c5 ({RR} 11... Rc8 12. Bf4 Qe7 13. Rfd1 Nd5 14. Bg5 f6 15. Bd2 c5 16. dxc5 Nxc5 17. Rac1 Ba6 18. Qa2 Ne4 19. Rxc8 Rxc8 20. Nd4 Nxd2 21. Bxd5 exd5 22. Rxd2 Rc1+ 23. Kg2 Qe4+ 24. f3 Qe5 25. e4 Bc4 26. b3 {1-0 Baches Garcia,G (2322)-Tarasova,V (2226) Titled Tue 6th Aug Early 2024 (2)}) 12. Rd1 Bd5 13. Qc2 $146 ({RR} 13. Qa4 c4 14. Ne5 a6 15. Bg5 b5 16. Qc2 Bxg2 17. Kxg2 Qc7 18. Nxd7 Nxd7 19. e4 Nb6 20. Qe2 h6 21. Bf4 Qc6 22. Rd2 Rad8 23. h4 Rd7 24. Rad1 f5 25. f3 a5 26. Qe3 b4 27. axb4 axb4 {0-1 Yang,Y (2066)-Guo Qi (2355) ch-CHN Women 2023 (9.6)}) ({RR} 13. Qa4 c4 14. Bf4 a6 15. Ne5 b5 16. Qc2 Bxg2 17. Kxg2 Nd5 18. Qe4 N7f6 19. Qf3 Nxf4+ 20. Qxf4 Rc8 21. Rac1 Qc7 22. Qf3 Nd7 23. Nd3 Qd6 24. Nf4 Nb6 25. e4 Na4 26. e5 Qe7 27. Rc2 Rfd8 {1-0 Kim,S (2295)-Papayan,O (2253) Titled Tue 16th May Late 2023 (10)}) ({RR} 13. Qa4 cxd4 14. Qxd4 Nc5 15. Bg5 Nb3 16. Bxf6 Qxf6 17. Qxf6 gxf6 18. Ra2 Rac8 19. Nd2 Bxg2 20. Nxb3 Bd5 21. Rd3 Rc2 22. Kf1 Bc4 23. Re3 Rd8 24. f3 Rd1+ 25. Kf2 Rb1 26. Nd4 Bxa2 27. Nxc2 Rxb2 {½-½ Boehne,S-Buttkus,A (2024) Berlin-ch QT 2017 (9)}) 13... Rc8 14. Qb1 Be4 15. Qa2 Bd5 16. Qb1 Be4 17. Qa2 Bd5 18. b3 Ne4 19. Bb2 c4 20. bxc4 Rxc4 21. Qb1 Qa8 22. Qd3 Rfc8 23. Rac1 b5 24. Ne1 f5 25. f3 Nd6 26. Nc2 Nb6 27. Ne3 Rxc1 28. Bxc1 Qc6 29. Bd2 Nbc4 30. Rc1 g6 31. Bb4 Qb6 32. Kh1 a6 33. Nd1 Qb7 34. Nf2 Bc6 35. e4 fxe4 36. Nxe4 Nxe4 37. fxe4 Rd8 38. Rf1 Qd7 39. Qf3 Nd6 40. Qf4 Bb7 41. Bxd6 1-0

[Event "45th Olympiad 2024"]
[Site "Budapest HUN"]
[Date "2024.09.22"]
[Round "11.59"]
[Board "3"]
[White "Khoa, Goodwill"]
[Black "Mirulla, David"]
[Result "1-0"]
[WhiteElo "1890"]
[BlackElo "1904"]
[PlyCount "69"]
[EventDate "2024.09.11"]
[WhiteTeam "Namibia"]
[BlackTeam "Cape Verde"]
[WhiteTeamCountry "NAM"]

1. Nf3 {Ftacnik,Lubomir} Nf6 2. c4 g6 3. g3 Bg7 4. Bg2 O-O 5. O-O d5 6. cxd5 Nxd5 7. Nc3 c5 8. d4 cxd4 9. Nxd4 Nxc3 10. bxc3 Qa5 11. Qb3 ({RR} 11. Rb1 Qxa2 ({RR} 11... Na6 12. Be3 ({RR} 12. Bxb7 Bxb7 13. Rxb7 Qxc3 14. Bb2 Qc4)) 12. Bg5 Nc6 ({RR} 12... f6 13. Nb5) ({RR} 12... e5 13. Nb5) ({RR} 12... Nd7 13. Bxe7 Re8 14. Bb4) 13. Nxc6 bxc6 14. Bxe7 Re8 ({RR} 14... Ba6 15. Bxf8 Bxe2 16. Ra1 Qe6 17. Re1 Bxd1 18. Rxe6 fxe6 19. Bxg7) 15. Bxc6 Bh3 16. Bxa8 Bxf1 17. Qd7 ({RR} 17. Bf3 Bh3 18. Rb7) 17... Rxa8 18. Qc6 Rf8 ({RR} 18... Rd8 19. Rd1 Rf8 20. Kxf1) 19. Rxf1 Rb8 20. Qc7 ({RR} 20. e3) 20... Qb2 21. Rd1 Bf8 22. Bxf8 Rxf8 23. e3 a6 24. h4 h5 25. c4 Qc3 {½-½ Janjgava,L (2470)-Sokolov,I (2570) Belgrade GMA op 1988}) 11... Na6 ({RR} 11... Nd7 12. Ba3 Nc5 13. Qb4 Qxb4 14. Bxb4 Ne6 15. Nxe6 Bxe6 16. Bxb7 Rab8 17. Bf3 Rfc8 18. Rfc1 Kf8 19. a4 Rc4 20. Rab1 Bxc3 21. Bxe7+ Kxe7 22. Rxb8 a5 23. Rb7+ Kf6 24. Rb6 Kg7 25. Rc6 {1-0 Kukhmazov,A (2489)-Chirila,I (2530) Titled Tue 4th Jun Early 2024 (3)}) 12. Ba3 Bf6 13. Rfd1 $146 ({RR} 13. Rab1 Rb8 14. Rfc1 Rd8 15. e3 Kg7 16. c4 Nc5 17. Qb2 Nd3 18. Qc3 Qxc3 19. Rxc3 Ne5 20. Rcc1 Nd7 21. c5 e5 22. c6 bxc6 23. Nxc6 Rxb1 24. Rxb1 Rh8 25. Nxa7 Ba6 26. Bd6 h5 27. Bc6 Nf8 {½-½ Davidson,J-Landau,S Match Landau-Davidson +5-0 =1 1938 (3)}) ({RR} 13. e3 Rb8 14. Rab1 Bd7 15. c4 Ba4 16. Bb4 Bxb3 17. Bxa5 Bxa2 18. Rxb7 Rxb7 19. Bxb7 Nc5 20. Bd5 e6 21. Bg2 Nd3 22. Nc6 a6 23. Rd1 Bxc4 24. Bf1 Rc8 25. Na7 Rc5 26. Bb6 Rd5 27. Nc6 Kg7 {0-1 Von Auer,U (1900)-Klehr,W (1980) Tuebingen-ch 55th 1996}) ({RR} 13. Rab1 Rb8 14. Nb5 Be6 15. c4 Rfc8 16. Rfc1 Nc5 17. Qe3 b6 18. Bb2 Nd7 19. Nd4 Qc5 20. Rd1 Ne5 21. Ba3 Nxc4 22. Bxc5 Nxe3 23. fxe3 Rxc5 24. Nxe6 fxe6 25. Rd7 Ra5 26. Bh3 Kf7 27. Rc1 Rxa2 {0-1 Moerschbach,U (2086)-Orentlikher,M (2043) Mittelrhein Regionalliga 1415 2014 (5.4)}) 13... Bd7 14. Qxb7 Qxa3 15. Qxd7 Nc5 16. Qg4 Rac8 17. Rdc1 a6 18. e3 Nd3 19. Rc2 Rxc3 20. Rxc3 Qxc3 21. Rd1 Rb8 22. Bf1 Ne5 23. Qe4 Rb2 24. Qa8+ Kg7 25. Qxa6 Ng4 26. Ne2 Qc5 27. Qa4 Nxe3 28. fxe3 Qxe3+ 29. Kg2 Rxe2+ 30. Bxe2 Qxe2+ 31. Kg1 Bg5 32. Qd4+ e5 33. Qd5 e4 34. h4 Be3+ 35. Kh1 1-0

[Event "45th Olympiad 2024"]
[Site "Budapest HUN"]
[Date "2024.09.22"]
[Round "11.59"]
[Board "4"]
[White "Barros, Luis"]
[Black "Nitzborn, Max Baron"]
[Result "0-1"]
[WhiteElo "1814"]
[BlackElo "1800"]
[PlyCount "112"]
[EventDate "2024.09.11"]
[WhiteTeam "Cape Verde"]
[BlackTeam "Namibia"]
[BlackTeamCountry "NAM"]

1. e4 c5 2. Nf3 Nc6 3. c4 g6 4. Nc3 Bg7 5. Be2 d6 6. d3 Nf6 7. Bg5 ({RR} 7. O-O O-O 8. a3 Rb8 9. Rb1 a5 10. Bg5 Bd7 11. Qd2 Bg4 12. Nb5 Bxf3 13. Bxf3 Ne8 14. Rbe1 Nc7 15. a4 Nxb5 16. cxb5 Nd4 17. Bd1 Qc7 18. Kh1 e6 19. Be3 b6 20. f4 Rbe8 21. Qf2 f5 {½-½ Saltaev,M (2462)-Wippermann,T (2255) Bad Wildbad op 2000 (9)}) ({RR} 7. h3 O-O 8. O-O a6 9. Be3 Rb8 10. Qd2 b5 11. cxb5 axb5 12. a3 b4 13. Nb1 bxa3 14. Nxa3 Ba6 15. Rfc1 Nd7 16. Rab1 Nde5 17. Nxe5 Bxe5 18. Bh6 Bg7 19. Nc4 Nd4 20. Bd1 Qd7 21. b3 Rb4 {0-1 Alvares Lozada,J-Perez Lujan,M (1920) Medellin Aristizabal Cup 2020 (2)}) 7... O-O 8. O-O a6 9. Qd2 Rb8 $146 ({RR} 9... Nd4 10. Nxd4 cxd4 11. Nd5 Nxd5 12. cxd5 Qe8 13. Bh6 e5 14. Bxg7 Kxg7 15. f4 f6 16. Rac1 Rf7 17. f5 Qb5 18. fxg6 hxg6 19. Rc2 Qb6 20. Rfc1 Bd7 21. Qd1 f5 22. Kh1 Rh8 23. Qe1 Kf6 24. Bf1 {0-1 Piotrowski,W-Klimes,M (1990) IPCA Wch-B 8th 2007 (1)}) ({RR} 9... Bd7 10. Bh6 Rb8 11. a4 Na5 12. Bxg7 Kxg7 13. Ra3 Nc6 14. d4 cxd4 15. Nxd4 Qb6 16. Nf3 Qc5 17. Qg5 Qb4 18. Qd2 h6 19. Rb1 Qc5 20. h3 Be6 21. Qd3 Rfd8 22. Nd5 Bxd5 23. exd5 Nb4 24. Qe3 {0-1 Biell,P-Daubenfeld,G Luxembourg-chT 1993 (5)}) ({RR} 9... e6 10. Bh6 d5 11. Bxg7 Kxg7 12. exd5 exd5 13. cxd5 Nxd5 14. Nxd5 Qxd5 15. Qc3+ Kg8 16. Nd2 Nd4 17. Bf3 Nxf3+ 18. Nxf3 Bf5 19. d4 Rac8 20. dxc5 Rxc5 21. Qd4 Rfc8 22. Qxd5 Rxd5 23. Rac1 Rxc1 24. Rxc1 {½-½ Valuska,P (2120)-Durik,P (2121) SVK-chT3A 0102 2001 (11)}) 10. h3 b5 11. cxb5 axb5 12. Bd1 Be6 13. Ne2 Qb6 14. Nf4 Bd7 15. Ne2 c4 16. Bc2 e5 17. Bxf6 Bxf6 18. dxc4 Nd4 19. Nfxd4 exd4 20. Nf4 bxc4 21. Nd5 Qd8 22. Bd1 d3 23. Rb1 Bc6 24. Nc3 Qa5 25. Bf3 Bg5 26. Qd1 Rb7 27. e5 d5 28. g3 Rfb8 29. h4 Bh6 30. e6 Rxb2 31. Rxb2 Rxb2 32. Qe1 Bd2 33. exf7+ Kxf7 34. Qe5 Bxc3 35. Qf4+ Bf6 36. h5 Rb7 37. hxg6+ hxg6 38. Kg2 Qc7 39. Qh6 Bg7 40. Qh3 d4 41. Qg4 Bxf3+ 42. Qxf3+ Bf6 43. Rh1 Kg7 44. g4 Rb6 45. Qh3 Qc6+ 46. Kg3 Qc7+ 47. Kg2 Qb7+ 48. Kg3 Kf7 49. Qh7+ Bg7 50. Qh3 Rb1 51. Rh2 d2 52. f4 d1=Q 53. Rf2 Qe1 54. f5 Be5+ 55. Kh4 Qxf2+ 56. Kg5 Qf4+ 0-1

[Event "45th Olympiad 2024"]
[Site "Budapest HUN"]
[Date "2024.09.22"]
[Round "11.60"]
[Board "1"]
[White "Allam, Mohamed"]
[Black "Ebosse Kingue Victor Patrick"]
[Result "1-0"]
[WhiteElo "2053"]
[BlackElo "2014"]
[PlyCount "113"]
[EventDate "2024.09.11"]
[WhiteTeam "Palestine"]
[BlackTeam "Cameroon"]
[WhiteTeamCountry "PLE"]
[BlackTeamCountry "CAM"]

1. e4 c5 2. Nf3 d6 3. d4 cxd4 4. Nxd4 Nf6 5. Nc3 a6 6. h3 e5 7. Nf3 Be6 8. Ng5 b5 9. Nxe6 fxe6 10. a3 Be7 11. Be2 O-O $146 ({RR} 11... d5 12. exd5 exd5 13. Bf3 e4 14. Bh5+ g6 15. Be2 O-O 16. O-O d4 17. Nb1 Nc6 18. b3 Re8 19. Re1 Nd5 20. Bf1 Bf6 21. Ra2 b4 22. a4 Nc3 23. Nxc3 bxc3 24. Bc4+ Kg7 25. Ra1 Bg5 26. f4 {0-1 Causevic,O-Cigrovski,J (1675) CRO-chT U16 9th 2014 (5.33)}) 12. O-O Nbd7 13. Bg4 Nxg4 14. Qxg4 Rf6 15. Rd1 Qc7 16. Be3 Nf8 17. Rd2 Rb8 18. Qd1 Rf7 19. Rd3 g5 20. Qd2 Rg7 21. Rd1 Rd8 22. f3 h5 23. Kf2 Ng6 24. g3 Nf4 25. gxf4 gxf4 26. Bxf4 exf4 27. Qxf4 Bg5 28. Qh2 Bh4+ 29. Ke2 Bg3 30. Qg1 Kh7 31. Qe3 Qf7 32. Rg1 Rdg8 33. Kd1 Rg5 34. Ne2 Bf4 35. Qf2 Rxg1+ 36. Nxg1 Rg3 37. c3 a5 38. Qb6 b4 39. cxb4 axb4 40. Ne2 Rxh3 41. Qxb4 Rh1+ 42. Kc2 Rh2 43. Qe1 h4 44. Kb1 Qb7 45. Rc3 Qb5 46. Qg1 Qb7 47. Rc2 Be5 48. f4 Bxb2 49. Qxh2 Bf6+ 50. Kc1 Qxe4 51. Qh3 d5 52. Kd2 Qa4 53. Qxe6 Qa5+ 54. Kd1 Kg7 55. Nd4 h3 56. Nf5+ Kg6 57. Ne7+ 1-0

[Event "45th Olympiad 2024"]
[Site "Budapest HUN"]
[Date "2024.09.22"]
[Round "11.60"]
[Board "2"]
[White "Zebaze Dongmo Loic Dylane"]
[Black "Seder, Mohammed"]
[Result "0-1"]
[WhiteElo "1914"]
[BlackElo "2116"]
[PlyCount "52"]
[EventDate "2024.09.11"]
[WhiteTeam "Cameroon"]
[BlackTeam "Palestine"]
[WhiteTeamCountry "CAM"]
[BlackTeamCountry "PLE"]

1. d4 Nf6 2. Nc3 d5 3. Bf4 e6 4. Nb5 Bb4+ 5. c3 Ba5 6. a4 a6 7. b4 Nc6 8. bxa5 axb5 9. axb5 Nxa5 10. e3 Bd7 11. Nf3 Ne4 12. Qc2 Nc4 13. Rxa8 Qxa8 14. Qc1 Qa2 15. Be2 Bxb5 16. Bxc7 O-O 17. g4 $146 ({RR} 17. Bg3 Rc8 18. Bd3 Nxe3 19. c4 Rxc4 20. Bxc4 Bxc4 21. Nd2 Nxd2 22. fxe3 Nf3+ {0-1 Kiewra,K (2362)-Shankland,S (2725) PRO League Stage rapid 2019 (6)}) 17... Ne5 18. Nd2 Nxd2 19. Bxb5 Nef3+ 20. Kd1 Qb3+ 21. Qc2 Qxb5 22. Qa2 Qd3 23. Qc2 Qc4 24. Bd6 Ra8 25. Qb2 Qd3 26. Kc1 Nc4 0-1

[Event "45th Olympiad 2024"]
[Site "Budapest HUN"]
[Date "2024.09.22"]
[Round "11.60"]
[Board "3"]
[White "Michel Yunis, Christian D."]
[Black "Amba Oyon Marius Claude"]
[Result "1/2-1/2"]
[WhiteElo "2220"]
[BlackElo "1975"]
[PlyCount "150"]
[EventDate "2024.09.11"]
[WhiteTeam "Palestine"]
[BlackTeam "Cameroon"]
[WhiteTeamCountry "PLE"]
[BlackTeamCountry "CAM"]

1. d4 Nf6 2. Nf3 g6 3. c4 c5 4. Nc3 cxd4 5. Nxd4 a6 6. e4 d6 7. Be2 Bg7 8. O-O O-O 9. Be3 Nc6 10. Rc1 Bd7 11. Nb3 Rb8 ({RR} 11... Rc8 12. f4 Be6 13. Kh1 Na5 14. Nxa5 Qxa5 15. b3 b5 16. f5 Bd7 17. fxg6 hxg6 18. e5 dxe5 19. Qxd7 Rfd8 20. Qxe7 {0-1 Ivanchuk,V (2769)-Carlsen,M (2837) Wch Blitz 6th 2012 (20)}) ({RR} 11... Ne5 12. h3 b5 13. Nd2 Nxc4 14. Nxc4 bxc4 15. Bxc4 Bb5 16. Qd3 Bxc4 17. Qxc4 Qc8 18. Qd3 Qb7 19. b3 e6 20. Qxd6 Nxe4 21. Nxe4 Qxe4 22. Rc4 Qd5 23. Rd1 Qxd6 24. Rxd6 Be5 25. Rdc6 Rfd8 26. g4 {1-0 Loiacono,L (2327)-Damia,A (2242) 4th Parma City of Culture 2024 (5.4)}) 12. f3 h5 $146 ({RR} 12... b6 13. Qd2 Ne5 14. Nd4 Rb7 15. b3 Re8 16. Rfd1 Qb8 17. Nd5 e6 18. Nxf6+ Bxf6 19. Nc2 Be7 20. Bd4 Rd8 21. Ne3 Bc6 22. Bb2 Bf6 23. f4 Nd7 24. e5 dxe5 25. Ng4 Be7 26. Qc3 f5 27. Nxe5 {½-½ Smejkal,J-Andersson,U Chigorin Memorial-09 1973 (1)}) ({RR} 12... Na5 13. Nxa5 Qxa5 14. c5 Rfd8 15. cxd6 exd6 16. Bc4 Bc6 17. Qb3 Rd7 18. Bb6 Qg5 19. Rcd1 Nh5 20. Nd5 Bxd5 21. Rxd5 Be5 22. Be3 Qh4 23. f4 Bg7 24. e5 Rf8 25. Be2 Rfd8 26. Bxh5 Qxh5 27. e6 {1-0 Kottusch,D-Buckel,A Schleswig Holstein-chC 44th 1989}) 13. c5 Be6 14. cxd6 exd6 15. Nd4 Bd7 16. Qd2 Ne5 17. Nc2 Be6 18. Nd5 Bxd5 19. exd5 Re8 20. Rfe1 Rc8 21. b3 Kh7 22. Bf1 Qd7 23. h3 Qd8 24. a4 h4 25. a5 Nh5 26. f4 Nd7 27. Nd4 Rxc1 28. Rxc1 Nc5 29. Bc4 Ne4 30. Qd1 Qxa5 31. f5 Nc3 32. Qf3 Rxe3 33. Qxe3 Qc5 34. fxg6+ fxg6 35. Nc2 Qxe3+ 36. Nxe3 Bd4 37. Kf2 b5 38. Rxc3 Bxc3 39. Bd3 Nf4 40. Be4 Bd4 41. Kf3 Bxe3 42. Kxe3 Nh5 43. b4 Kg7 44. Bf3 Nf6 45. g4 hxg3 46. Kf4 Nh5+ 47. Kg5 Kf7 48. h4 Kf8 49. Be4 Ke7 50. Bf3 Kf7 51. Be4 Nf6 52. Bf3 Nd7 53. Be4 Ne5 54. Kf4 Nd3+ 55. Kxg3 Nxb4 56. Kf4 Kf6 57. Ke3 Ke5 58. Bxg6 Nxd5+ 59. Kd2 a5 60. Be8 Nc7 61. Bd7 Kf6 62. Kc3 Kg6 63. Bg4 Kh6 64. Be2 b4+ 65. Kb3 Nd5 66. Bf3 Nc3 67. Bg4 d5 68. Bf3 Kg6 69. Bg4 Ne4 70. Ka4 Nf2 71. Be6 d4 72. Kxa5 d3 73. Kxb4 d2 74. Bb3 d1=Q 75. Bxd1 Nxd1 1/2-1/2